[Event "Titled Tuesday intern op 14th Nov Early"]
[Site "Chess.com INT"]
[Date "2023.11.14"]
[Round "9"]
[White "Fernandez, Gerardo"]
[Black "Vargas, Mauricio"]
[Result "1-0"]
[WhiteElo "2181"]
[BlackElo "1972"]
[PlyCount "27"]
[EventDate "2023.11.14"]
[EventType "swiss (blitz)"]
[EventRounds "11"]
[EventCountry "USA"]
[SourceTitle "CB47_2023"]
[SourceDate "2023.11.22"]
[SourceVersion "1"]
[SourceVersionDate "2023.11.22"]
[SourceQuality "1"]

1. e4 d5 2. exd5 Qxd5 3. Nc3 Qa5 4. g3 c6 5. Bg2 Nf6 6. Nge2 Bg4 7. h3 Bf5 8. 0-0 e6 9. d3 Bd6 10. Bf4 e5 11. Bd2 Qc7 12. Ne4 Be7 13. N2c3 Nbd7 14. Qe2 1-0

[Event "Titled Tuesday intern op 26th Sep Early"]
[Site "Chess.com INT"]
[Date "2023.09.26"]
[Round "9"]
[White "Fernandez, Gerardo"]
[Black "Garcia Correa, Jose Ricardo"]
[Result "0-1"]
[WhiteElo "2181"]
[BlackElo "2103"]
[PlyCount "86"]
[EventDate "2023.09.26"]
[EventType "swiss (blitz)"]
[EventRounds "11"]
[EventCountry "USA"]
[SourceTitle "EXT 2024"]
[Source "ChessBase"]
[SourceDate "2023.10.10"]
[SourceVersion "1"]
[SourceVersionDate "2023.10.10"]
[SourceQuality "1"]

1. e4 d5 2. exd5 Qxd5 3. Nc3 Qa5 4. g3 Nf6 5. Bg2 Nc6 6. d4 Bg4 7. Nge2 e6 8. 0-0 0-0-0 9. Be3 e5 10. d5 Nb4 11. a3 Nbxd5 12. Nxd5 Nxd5 13. Qe1 Qxe1 14. Raxe1 Nxe3 15. fxe3 f6 16. Nc3 Be6 17. Rd1 Bc5 18. Kf2 c6 19. Rxd8+ Rxd8 20. Rd1 Rxd1 21. Nxd1 Bf5 22. c3 Bd3 23. Ke1 Bc2 24. e4 Bg1 25. h3 Kc7 26. Kd2 Bb3 27. Ne3 g6 28. Ng4 h5 29. Nxf6 Bh2 30. g4 Bf4+ 31. Ke2 Bc4+ 32. Kf3 hxg4+ 33. Nxg4 Kd6 34. Ne3 Be6 35. Bf1 b5 36. h4 a5 37. Ng2 Bc1 38. b3 Bxa3 39. Ne3 Bxb3 40. Bh3 Bc1 41. Ke2 Bxe3 42. Kxe3 a4 43. Kd3 a3 0-1

[Event "Titled Tuesday intern op 19th Sep Early"]
[Site "Chess.com INT"]
[Date "2023.09.19"]
[Round "5"]
[White "Fernandez, Gerardo"]
[Black "Seder, Mohamad"]
[Result "0-1"]
[WhiteElo "2181"]
[BlackElo "2077"]
[PlyCount "46"]
[EventDate "2023.09.19"]
[EventType "swiss (blitz)"]
[EventRounds "11"]
[EventCountry "USA"]
[SourceTitle "EXT 2024"]
[Source "ChessBase"]
[SourceDate "2023.10.10"]
[SourceVersion "1"]
[SourceVersionDate "2023.10.10"]
[SourceQuality "1"]

1. e4 e6 2. d3 Ne7 3. g3 d5 4. Nd2 b6 5. Bg2 Bb7 6. Ngf3 c5 7. Qe2 Nbc6 8. c3 Qc7 9. 0-0 h6 10. h4 g6 11. Re1 Bg7 12. a4 0-0-0 13. exd5 Nxd5 14. Nc4 e5 15. a5 b5 16. a6 Ba8 17. Ncxe5 Nxe5 18. Nxe5 Rhe8 19. f4 f6 20. Qg4+ Kb8 21. Nf3 Qf7 22. Bd2 f5 23. Qh3 Qc7 0-1

[Event "Titled Tuesday intern op 05th Sep Late"]
[Site "Chess.com INT"]
[Date "2023.09.05"]
[Round "4"]
[White "Mazurkiewicz, Michal"]
[Black "Fernandez, Gerardo"]
[Result "1-0"]
[WhiteElo "2145"]
[BlackElo "2181"]
[PlyCount "81"]
[EventDate "2023.09.05"]
[EventType "swiss (blitz)"]
[EventRounds "11"]
[EventCountry "USA"]
[SourceTitle "EXT 2024"]
[Source "ChessBase"]
[SourceDate "2023.10.10"]
[SourceVersion "1"]
[SourceVersionDate "2023.10.10"]
[SourceQuality "1"]

1. e4 e6 2. d3 d5 3. Nd2 Nf6 4. Ngf3 Nc6 5. c3 e5 6. exd5 Qxd5 7. Nc4 Bg4 8. Be2 0-0-0 9. 0-0 h5 10. h3 Bf5 11. Ne3 Qd7 12. Qa4 Be6 13. Ng5 Bc5 14. b4 Bb6 15. Bf3 Kb8 16. Bxc6 bxc6 17. Nxe6 Qxe6 18. Nc4 Rxd3 19. Na5 Rxc3 20. Bd2 Rc4 21. Nxc4 Qxc4 22. Rac1 Qb5 23. Qb3 Ne4 24. Be3 Bxe3 25. Qxe3 f5 26. a4 Qb6 27. Qxb6+ cxb6 28. Rxc6 Rd8 29. Rfc1 Rd7 30. Re6 Nf6 31. Rxe5 g6 32. Re6 Rf7 33. Rcc6 Ne4 34. Rxg6 Rd7 35. b5 Rd1+ 36. Kh2 Nxf2 37. Rg8+ Kb7 38. Rg7+ Kb8 39. Rh6 Rd8 40. Rxh5 f4 41. Rhh7 1-0

[Event "Titled Tuesday intern op 29th Aug Late"]
[Site "Chess.com INT"]
[Date "2023.08.29"]
[Round "3"]
[White "Gurevich, Dmitry"]
[Black "Fernandez, Gerardo"]
[Result "1-0"]
[WhiteElo "2371"]
[BlackElo "2181"]
[PlyCount "111"]
[EventDate "2023.08.29"]
[EventType "swiss (blitz)"]
[EventRounds "11"]
[EventCountry "USA"]
[SourceTitle "EXT 2024"]
[Source "ChessBase"]
[SourceDate "2023.10.10"]
[SourceVersion "1"]
[SourceVersionDate "2023.10.10"]
[SourceQuality "1"]

1. d4 Nf6 2. c4 c5 3. Nf3 cxd4 4. Nxd4 e5 5. Nb5 d5 6. cxd5 Bb4+ 7. Bd2 Bc5 8. N5c3 0-0 9. e3 Nxd5 10. Nxd5 Qxd5 11. Nc3 Qc6 12. Qf3 Be6 13. Bb5 Qxf3 14. gxf3 a6 15. Bd3 Nc6 16. a3 Rfd8 17. Ke2 Rd7 18. Ne4 Be7 19. Bc3 Rad8 20. Bc2 f5 21. Nd2 Bh4 22. Rhd1 b5 23. Ke1 Kf7 24. Nb3 Rxd1+ 25. Rxd1 Rxd1+ 26. Bxd1 Be7 27. Na5 Nxa5 28. Bxa5 Bd6 29. Bc3 Bc4 30. b3 Bd5 31. a4 bxa4 32. bxa4 Bc4 33. Be2 Bb3 34. a5 Bd5 35. Bxa6 Bxf3 36. Bc8 g6 37. a6 Bc5 38. Bb7 Bxb7 39. axb7 Bd6 40. Bb4 Bb8 41. f3 Ke6 42. e4 fxe4 43. fxe4 Kd7 44. Ke2 Kc6 45. Kd3 Kxb7 46. Kc4 Kc6 47. Ba3 Bd6 48. Bb2 Bc7 49. Bc1 Bd6 50. Bd2 h5 51. Be3 Be7 52. Bd2 Bg5 53. Bxg5 Kd6 54. Kb5 Ke6 55. Kc6 Kf7 56. Kd6 1-0

[Event "Titled Tuesday intern op 22nd Aug Late"]
[Site "Chess.com INT"]
[Date "2023.08.22"]
[Round "7"]
[White "Fernandez, Gerardo"]
[Black "Bueno, Alfeu Varela Jr"]
[Result "0-1"]
[WhiteElo "2181"]
[BlackElo "2135"]
[PlyCount "68"]
[EventDate "2023.08.22"]
[EventType "swiss (blitz)"]
[EventRounds "11"]
[EventCountry "USA"]
[SourceTitle "EXT 2024"]
[Source "ChessBase"]
[SourceDate "2023.10.10"]
[SourceVersion "1"]
[SourceVersionDate "2023.10.10"]
[SourceQuality "1"]

1. e4 e6 2. d3 d5 3. Nd2 Nf6 4. Ngf3 dxe4 5. dxe4 Bc5 6. Be2 e5 7. 0-0 Nc6 8. c3 a5 9. h3 0-0 10. Re1 Qe7 11. Bb5 Nh5 12. Bxc6 bxc6 13. Nc4 Rd8 14. Qc2 f6 15. Be3 Ba6 16. Bxc5 Qxc5 17. Ne3 Nf4 18. Nf5 Bd3 19. Qb3+ Bc4 20. Qc2 a4 21. b3 Bd3 22. Qb2 a3 23. Qc1 Ne2+ 24. Rxe2 Bxe2 25. Ne1 Rd1 26. Qxd1 Bxd1 27. Rxd1 g6 28. Ne3 Qxc3 29. Nf3 Rf8 30. Rd2 f5 31. Rc2 Qa1+ 32. Kh2 fxe4 33. Nxe5 Qxe5+ 34. g3 Qb2 0-1

[Event "Titled Tuesday intern op 22nd Aug Late"]
[Site "Chess.com INT"]
[Date "2023.08.22"]
[Round "2"]
[White "Fernandez, Gerardo"]
[Black "Urbina Perez, Juan Antonio"]
[Result "0-1"]
[WhiteElo "2181"]
[BlackElo "2266"]
[PlyCount "68"]
[EventDate "2023.08.22"]
[EventType "swiss (blitz)"]
[EventRounds "11"]
[EventCountry "USA"]
[SourceTitle "EXT 2024"]
[Source "ChessBase"]
[SourceDate "2023.10.10"]
[SourceVersion "1"]
[SourceVersionDate "2023.10.10"]
[SourceQuality "1"]

1. e4 c5 2. Nc3 Nc6 3. f4 g6 4. Nf3 Bg7 5. a3 e6 6. b4 d6 7. bxc5 dxc5 8. e5 Nge7 9. Ne4 0-0 10. Bb2 b6 11. Bc4 Bb7 12. d3 Nd4 13. 0-0 Bxe4 14. dxe4 Nec6 15. Ng5 h6 16. Nh3 Qc7 17. c3 Na5 18. Ba2 Ndc6 19. Qg4 c4 20. Rad1 Rad8 21. Bb1 Rxd1 22. Qxd1 Rd8 23. Qe2 Qd7 24. Bc1 Nb3 25. Be3 Nca5 26. Bc2 Qe7 27. Nf2 Qxa3 28. Ng4 Qb2 29. Nf6+ Bxf6 30. exf6 Na1 31. Bd1 Qxe2 32. Bxe2 Nc2 33. Bf2 Rd2 34. Bf3 Nb3 0-1

[Event "Titled Tuesday intern op 22nd Aug Late"]
[Site "Chess.com INT"]
[Date "2023.08.22"]
[Round "6"]
[White "Hajiyev, Kanan"]
[Black "Fernandez, Gerardo"]
[Result "1-0"]
[WhiteElo "2109"]
[BlackElo "2181"]
[PlyCount "77"]
[EventDate "2023.08.22"]
[EventType "swiss (blitz)"]
[EventRounds "11"]
[EventCountry "USA"]
[SourceTitle "EXT 2024"]
[Source "ChessBase"]
[SourceDate "2023.10.10"]
[SourceVersion "1"]
[SourceVersionDate "2023.10.10"]
[SourceQuality "1"]

1. d4 Nf6 2. Nf3 g6 3. g3 Bg7 4. Bg2 0-0 5. 0-0 d6 6. b3 Ne4 7. Bb2 c5 8. Nbd2 d5 9. e3 Nc6 10. Rb1 cxd4 11. Nxe4 dxe4 12. Nxd4 Nxd4 13. Bxd4 Bxd4 14. Qxd4 Qxd4 15. exd4 Bf5 16. c4 Rfd8 17. Rbd1 Rd7 18. Rfe1 Bg4 19. Rd2 e5 20. Rxe4 Bf5 21. Rxe5 Rad8 22. Bd5 Kg7 23. f3 h5 24. Kf2 b5 25. Rde2 bxc4 26. bxc4 Rb8 27. Re7 Kf6 28. Rxd7 Bxd7 29. c5 Rb4 30. Ke3 Bb5 31. Rc2 Ba4 32. Rc4 Rxc4 33. Bxc4 Ke7 34. d5 f6 35. Kd4 Bd1 36. f4 Bf3 37. d6+ Kd7 38. Bb5+ Kd8 39. a4 1-0

[Event "Titled Tuesday intern op 22nd Aug Early"]
[Site "Chess.com INT"]
[Date "2023.08.22"]
[Round "6"]
[White "Harriott, Tyrell"]
[Black "Fernandez, Gerardo"]
[Result "1-0"]
[WhiteElo "1778"]
[BlackElo "2181"]
[PlyCount "71"]
[EventDate "2023.08.22"]
[EventType "swiss (blitz)"]
[EventRounds "11"]
[EventCountry "USA"]
[SourceTitle "EXT 2024"]
[Source "ChessBase"]
[SourceDate "2023.10.10"]
[SourceVersion "1"]
[SourceVersionDate "2023.10.10"]
[SourceQuality "1"]

1. d4 Nf6 2. e3 g6 3. Bd3 Bg7 4. f4 d5 5. Nf3 0-0 6. 0-0 Bf5 7. Bxf5 gxf5 8. Nbd2 e6 9. b3 Kh8 10. Ng5 h6 11. Ngf3 Ng4 12. Qe2 c5 13. Ba3 Nd7 14. h3 Ngf6 15. dxc5 Qa5 16. c6 Qxa3 17. cxd7 Nxd7 18. Nd4 Rac8 19. N2f3 Nf6 20. Qb5 b6 21. Ne5 Qe7 22. c4 dxc4 23. Nxc4 Ne4 24. Rac1 Rfd8 25. Ne5 Rxc1 26. Rxc1 Rd5 27. Qa6 Bxe5 28. fxe5 Kh7 29. Qc8 Qg5 30. Re1 f4 31. Nf3 Qg7 32. exf4 Rd3 33. Qc2 Rxf3 34. Qxe4+ Qg6 35. Qxg6+ fxg6 36. gxf3 1-0